| 000 | 00800nam a22003010a 4500 | ||
|---|---|---|---|
| 001 | PT56582 | ||
| 003 | AR-LpoUNG | ||
| 005 | 20210131231747.0 | ||
| 008 | 191001s2014||||ag |||||||||||||||||spa d | ||
| 020 |
_a9789871580484 _c$14,45 |
||
| 040 |
_aAR-LpoUNG _bspa _cAR-LpoUNG _eaacr |
||
| 041 | _aspa | ||
| 044 | _aag | ||
| 082 | 0 | _a808.068 3 231mañ | |
| 100 | 1 | _aSantana Camargo, Sebastián | |
| 245 | 1 | 0 | _aMañana viene mi tío |
| 250 | _a1ra. ed. | ||
| 260 |
_aBuenos Aires : _bDel Eclipse, _c2014. |
||
| 300 |
_a[24] p. : _bil. |
||
| 505 | 0 | _aSugerido a partir de 8 años (etiqueta CELESTE) | |
| 650 | 4 | _aCUENTOS | |
| 650 | 4 | _aLITERATURA | |
| 651 | 4 | _aDOCUMENTOS TEORICOS O METODOLOGICOS | |
| 653 | _aLITERATURA INFANTIL | ||
| 653 | _aPANTANA | ||
| 905 | _a56582 | ||
| 942 | _cLIB | ||
| 999 |
_c11808 _d11808 |
||